<?xml version="1.0" encoding="UTF-8"?>
<record
    xmlns:xsi="http://www.w3.org/2001/XMLSchema-instance"
    xsi:schemaLocation="http://www.loc.gov/MARC21/slim http://www.loc.gov/standards/marcxml/schema/MARC21slim.xsd"
    xmlns="http://www.loc.gov/MARC21/slim">

  <leader>01311nam a22002417a 4500</leader>
  <controlfield tag="001">BRCA_9284</controlfield>
  <controlfield tag="003">FranzMayer</controlfield>
  <controlfield tag="005">20230724112652.0</controlfield>
  <controlfield tag="008">230721b        |||||||| |||| 00| 0 eng d</controlfield>
  <datafield tag="040" ind1=" " ind2=" ">
    <subfield code="a">MFM</subfield>
    <subfield code="b">esp</subfield>
    <subfield code="c">MFM</subfield>
  </datafield>
  <datafield tag="050" ind1=" " ind2="4">
    <subfield code="a">LE55</subfield>
    <subfield code="b">H46 1785</subfield>
  </datafield>
  <datafield tag="082" ind1=" " ind2=" ">
    <subfield code="2">BT1103</subfield>
  </datafield>
  <datafield tag="100" ind1="1" ind2=" ">
    <subfield code="4">Autor</subfield>
    <subfield code="a">Henno, Francisci</subfield>
    <subfield code="9">28921</subfield>
  </datafield>
  <datafield tag="240" ind1="1" ind2=" ">
    <subfield code="a">Theologia Dogm. Moral et Scholast in gratiam y juvamen Studiose Juventutis Francisscana FF. Minor Recollectorum</subfield>
    <subfield code="h">Tomus Septimus. Complectens Tractatus de Sacramentis in genere et specie</subfield>
    <subfield code="l">Italiano</subfield>
  </datafield>
  <datafield tag="245" ind1="0" ind2=" ">
    <subfield code="a">Theologia Dogm. Moral et Scholast in gratiam y juvamen Studiose Juventutis Francisscana FF. Minor Recollectorum</subfield>
    <subfield code="b">Tomus Septimus. Complectens Tractatus de Sacramentis in genere et specie</subfield>
  </datafield>
  <datafield tag="260" ind1=" " ind2=" ">
    <subfield code="a">Venecia, Italia</subfield>
    <subfield code="b">Haeredis Nicolai Pezzana</subfield>
    <subfield code="c">1785</subfield>
  </datafield>
  <datafield tag="300" ind1=" " ind2=" ">
    <subfield code="a">646 p</subfield>
    <subfield code="c">17 cm</subfield>
  </datafield>
  <datafield tag="440" ind1=" " ind2=" ">
    <subfield code="a">Theologia Dogm. Moral et Scholast in gratiam y juvamen Studiose Juventutis Francisscana FF. Minor Recollectorum</subfield>
    <subfield code="n">Tomus Septimus. Complectens Tractatus de Sacramentis in genere et specie</subfield>
    <subfield code="p">Tomo VII</subfield>
    <subfield code="v">Vol. VII</subfield>
    <subfield code="9">28922</subfield>
  </datafield>
  <datafield tag="505" ind1="0" ind2=" ">
    <subfield code="a">Texto en: italianoDirigido a: te&#xF3;logos, historiadores, obispos.Incluye &#xED;ndice tem&#xE1;tico </subfield>
  </datafield>
  <datafield tag="650" ind1="1" ind2=" ">
    <subfield code="2">Religi&#xF3;n </subfield>
    <subfield code="a">Doctrinas teol&#xF3;gicas </subfield>
    <subfield code="v">Teolog&#xED;a cat&#xF3;lica</subfield>
    <subfield code="9">28923</subfield>
  </datafield>
  <datafield tag="651" ind1="2" ind2=" ">
    <subfield code="2">Filosof&#xED;a</subfield>
    <subfield code="a">&#xC9;tica</subfield>
    <subfield code="v">Moral</subfield>
    <subfield code="9">28924</subfield>
  </datafield>
  <datafield tag="942" ind1=" " ind2=" ">
    <subfield code="2">lcc</subfield>
    <subfield code="c">B</subfield>
  </datafield>
  <datafield tag="999" ind1=" " ind2=" ">
    <subfield code="c">10904</subfield>
    <subfield code="d">10904</subfield>
  </datafield>
  <datafield tag="952" ind1=" " ind2=" ">
    <subfield code="0">0</subfield>
    <subfield code="1">0</subfield>
    <subfield code="2">lcc</subfield>
    <subfield code="4">0</subfield>
    <subfield code="7">0</subfield>
    <subfield code="8">CFM</subfield>
    <subfield code="a">BRCA</subfield>
    <subfield code="b">BRCA</subfield>
    <subfield code="d">2023-07-21</subfield>
    <subfield code="e">Donaci&#xF3;n</subfield>
    <subfield code="l">0</subfield>
    <subfield code="o">LE55 H46 1785</subfield>
    <subfield code="p">CFM00520</subfield>
    <subfield code="r">2023-07-21 00:00:00</subfield>
    <subfield code="w">2023-07-21</subfield>
    <subfield code="y">B</subfield>
  </datafield>
</record>
